Korrosion 14 : Bericht über die Diskussionstagung Korrosionsschutz durch Legieren in Frankfurt, Main am 2 und 3 März 1961, vorbereitet und herausgegeben von Th. Heumann und H. W. Schleicher /

Guardado en:
Autor Corporativo: Korrosion 14; Bericht über die Diskussionstagung Korrosionsschutz durch Legieren
Formato: Libro
Idioma:German
Publicado: Weinheim : Verlag Chemie, 1962.
Etiquetas: Agregar Etiqueta
Sin Etiquetas, Sea el primero en etiquetar este registro!
LEADER 00799nam a22001575a 4500
001 EUN.um032829
003 AR-BaUNS
005 20050623122907.0
008 041125s1962####xx#a##########000#0#ger#d
245 1 0 |a Korrosion 14 :  |b Bericht über die Diskussionstagung Korrosionsschutz durch Legieren in Frankfurt, Main am 2 und 3 März 1961, vorbereitet und herausgegeben von Th. Heumann und H. W. Schleicher /  |c Korrosion 14; Bericht über die Diskussionstagung Korrosionsschutz durch Legieren. 
260 |a Weinheim :  |b Verlag Chemie,  |c 1962. 
300 |a 87 p. :  |b ilus. ;  |c 28,5 cm. 
082 0 4 |a 620.112 
082 0 4 |a 541.37 
110 2 |a Korrosion 14; Bericht über die Diskussionstagung Korrosionsschutz durch Legieren  |c Frankfurt/Main 2-3 März 1961. 
859 |a Ar-BaUNS  |b BIB. CENTRAL - Sector C  |h 620.112  |i K843  |p 69776/974  |v 14